A fürdők könyve
Stručná recenzia knihy, ktorú zostavil redaktor József Erdős : Magyar Fürdőkalauz [Sprievodca po uhorských kúpeľoch], ktorá približuje kúpele v celom Uhorsku (teda aj územie dnešného Slovenska).
| Médium: | Článok |
|---|---|
| Jazyk: | Hungarian |
| Témy: | |
| Zdroj: |
1. Homonna és Vidéke : Vegyes tartalmu közmüvelődési, szépirodalmi és közgazdasági hetilap 1. Roč. 11, č. 17 (30.04.1911) s. 2 |
| LEADER | 01018nab#a2200301#ar4500 | ||
|---|---|---|---|
| 001 | 000071002 | ||
| 003 | SVKKK | ||
| 005 | 20010108xxxxxxx. | ||
| 008 | 06 c xo huno | ||
| FMT | |||
| 038 | |a SVKKK | ||
| 040 | |a SVKKK |b slo |e AACR2 | ||
| 041 | 0 | |a hun | |
| 044 | |a xo |c SK | ||
| 080 | |a 615.838 | ||
| 242 | 1 | 0 | |a Kniha kúpeľov |
| 245 | 0 | 0 | |a A fürdők könyve |
| 500 | |a mikrofilm | ||
| 520 | 2 | |a Stručná recenzia knihy, ktorú zostavil redaktor József Erdős : Magyar Fürdőkalauz [Sprievodca po uhorských kúpeľoch], ktorá približuje kúpele v celom Uhorsku (teda aj územie dnešného Slovenska). | |
| 650 | 0 | 4 | |a Erdős, József: Magyar Fürdőkalauz [Sprievodca po uhorských kúpeľoch] - rok 1911 - recenzie |
| 773 | 0 | |t Homonna és Vidéke : Vegyes tartalmu közmüvelődési, szépirodalmi és közgazdasági hetilap |g Roč. 11, č. 17 (30.04.1911) s. 2 | |
| 957 | |a Uhorsko | ||
| 958 | |a DG | ||
| 958 | |a SK | ||
| 974 | |a Ba |d 20010108 | ||
| 992 | |a RBX | ||
| BAS | |||
| 998 | |a RETRO | ||